000 00939 a2200241 4500
001 123897
020 _a9781423154877
040 _cEscola Canadense de Niteroi
090 _aT1-PAL
100 _aPalacios, Tomas
245 1 0 _aBecoming Spider-Man
250 _a1st. ed.
260 _aUSA
300 _a32 p.
_c6 x 9 inches
362 0 _a2012
490 0 _aWorld of reading
520 _aPeter Parker is a regular kid in high school. After a visit to Oscorp and an encounter with a strange spider, everything in Peter’s life suddenly changes! He is now able to cling to subway ceilings, climb up walls, and can eat everything in Aunt May’s fridge. Realizing he has super powers and a responsibility to use them for good, Peter must save the day by becoming the Amazing Spider-Man!
650 4 _aSuperheroes
650 4 _aChildren's Literature
650 4 _aAction or Adventure
650 4 _aSuperpowers
942 _cBK
999 _c123897
_d123897